[Event "IRI-ch Online"]
[Site "Chess.com INT"]
[Date "2021.03.17"]
[Round "7"]
[White "Hakemi, Arman"]
[Black "Barzgari, Mohammad"]
[Result "1-0"]
[WhiteElo "2316"]
[BlackElo "1857"]
[PlyCount "109"]
[EventDate "2021.03.15"]
[EventType "swiss (rapid)"]
[EventRounds "11"]
[EventCountry "IRI"]
[SourceTitle "CBM 201 Extra"]
[Source "ChessBase"]
[SourceDate "2021.05.31"]
[SourceVersion "1"]
[SourceVersionDate "2021.05.31"]
[SourceQuality "1"]

1. d4 g6 2. e4 Bg7 3. Nc3 Nf6 4. Bg5 d6 5. Qd2 0-0 6. Bh6 c5 7. d5 e6 8. Bxg7 Kxg7 9. dxe6 Bxe6 10. 0-0-0 Nc6 11. Nf3 Qa5 12. a3 Rfd8 13. h4 h5 14. Ng5 b5 15. Bxb5 Nd4 16. Bd3 Rab8 17. Nd5 Qxd2+ 18. Rxd2 Nxd5 19. Nxe6+ fxe6 20. exd5 exd5 21. Kb1 Re8 22. c3 Nc6 23. Ka2 d4 24. f4 dxc3 25. bxc3 Re3 26. Rf1 d5 27. Rc1 Rg3 28. Bf1 Rd8 29. Bb5 Ne7 30. Re1 Nf5 31. Bd3 Rd7 32. Bxf5 gxf5 33. c4 d4 34. Re5 Rg4 35. Rxf5 Rxh4 36. g3 Rg4 37. Rxh5 Rxg3 38. Rxc5 Rf3 39. Rd5 Rxd5 40. cxd5 Rxf4 41. Kb3 Kf7 42. Kc4 Ke7 43. Rxd4 Rf3 44. Re4+ Kd6 45. Re6+ Kd7 46. Ra6 Rf4+ 47. Kc5 Rf1 48. Rxa7+ Kd8 49. Kc6 Rc1+ 50. Kd6 Kc8 51. Ra8+ Kb7 52. Ra4 Kc8 53. Ra5 Kb7 54. Rb5+ Kc8 55. Rc5+ 1-0

[Event "IRI-ch Online"]
[Site "Chess.com INT"]
[Date "2021.03.16"]
[Round "4"]
[White "Barzgari, Mohammad"]
[Black "Jahedi, Mani"]
[Result "0-1"]
[WhiteElo "1857"]
[BlackElo "2201"]
[PlyCount "132"]
[EventDate "2021.03.15"]
[EventType "swiss (rapid)"]
[EventRounds "11"]
[EventCountry "IRI"]
[SourceTitle "CBM 201 Extra"]
[Source "ChessBase"]
[SourceDate "2021.05.31"]
[SourceVersion "1"]
[SourceVersionDate "2021.05.31"]
[SourceQuality "1"]

1. d4 Nf6 2. c4 e6 3. Nc3 b6 4. e4 d6 5. Bd3 Bb7 6. Nge2 Nbd7 7. 0-0 e5 8. d5 g6 9. Bg5 Bg7 10. Rc1 h6 11. Be3 0-0 12. h3 Qe7 13. b4 a5 14. a3 Rfc8 15. Qb3 Ba6 16. Nb5 Nh5 17. Rc2 f5 18. f3 f4 19. Bf2 Bf6 20. Rfc1 Bh4 21. Bxh4 Qxh4 22. Nec3 Nhf6 23. Na4 axb4 24. axb4 Bxb5 25. cxb5 Ne8 26. Be2 Ra7 27. Nc3 Rca8 28. Ra2 Rxa2 29. Nxa2 h5 30. Nc3 Nf8 31. Nd1 Qe1+ 32. Bf1 Kf7 33. Rb1 Qd2 34. Rb2 Qd4+ 35. Nf2 Ra1 36. Rc2 Nh7 37. Rc4 Qd2 38. Rc2 Qe1 39. Qd3 Qxb4 40. h4 g5 41. hxg5 Nxg5 42. Nh3 Nxh3+ 43. gxh3 Ra3 44. Qe2 Qd4+ 45. Kh1 Qe3 46. Qxe3 Rxe3 47. Kg2 h4 48. Kf2 Ra3 49. Be2 Ke7 50. Rc1 Ra7 51. Rg1 Nf6 52. Rg7+ Kf8 53. Rg6 Kf7 54. Rh6 Kg7 55. Rxh4 Ra8 56. Bf1 Kg6 57. Rg4+ Nxg4+ 58. hxg4 Kg5 59. Be2 Kh4 60. Kg2 Ra2 61. Kf2 Kh3 62. Kf1 Kg3 63. Ke1 Rb2 64. Kd1 Kf2 65. Bd3 Kxf3 66. g5 Rg2 0-1

[Event "IRI-ch Online"]
[Site "Chess.com INT"]
[Date "2021.03.16"]
[Round "3"]
[White "Mohammadi, Amir Hossein"]
[Black "Barzgari, Mohammad"]
[Result "0-1"]
[WhiteElo "1412"]
[BlackElo "1857"]
[PlyCount "88"]
[EventDate "2021.03.15"]
[EventType "swiss (rapid)"]
[EventRounds "11"]
[EventCountry "IRI"]
[SourceTitle "CBM 201 Extra"]
[Source "ChessBase"]
[SourceDate "2021.05.31"]
[SourceVersion "1"]
[SourceVersionDate "2021.05.31"]
[SourceQuality "1"]

1. e4 e5 2. Nf3 Nc6 3. Bb5 a6 4. Ba4 Nf6 5. 0-0 Be7 6. d3 b5 7. Bb3 d6 8. c3 0-0 9. Nbd2 Na5 10. Bc2 c5 11. Re1 Re8 12. Nf1 Bf8 13. Ng3 g6 14. d4 Qc7 15. Be3 Ng4 16. b3 Nxe3 17. fxe3 Bb7 18. Rf1 exd4 19. exd4 Bg7 20. Ng5 Rf8 21. Rc1 h6 22. Nf3 Nc6 23. Qd2 Kh7 24. Rce1 Rad8 25. Bb1 b4 26. cxb4 Nxd4 27. Nxd4 Bxd4+ 28. Kh1 Bg7 29. Rc1 h5 30. Qc2 h4 31. Nh5 Be5 32. Nf6+ Kg7 33. Nd5 Bxd5 34. exd5 Rc8 35. bxc5 dxc5 36. Qe4 Bxh2 37. Qxh4 Be5 38. Qg4 Rh8+ 39. Kg1 Bd4+ 40. Rf2 Qh2+ 41. Kf1 Bxf2 42. Kxf2 Rce8 43. Bd3 Rh4 44. Qd7 Rf4# 0-1

[Event "IRI-ch Online"]
[Site "Chess.com INT"]
[Date "2021.03.15"]
[Round "1"]
[White "Pour Agha Bala, Amirreza"]
[Black "Barzgari, Mohammad"]
[Result "1-0"]
[WhiteElo "2432"]
[BlackElo "1857"]
[PlyCount "99"]
[EventDate "2021.03.15"]
[EventType "swiss (rapid)"]
[EventRounds "11"]
[EventCountry "IRI"]
[SourceTitle "CBM 201 Extra"]
[Source "ChessBase"]
[SourceDate "2021.05.31"]
[SourceVersion "1"]
[SourceVersionDate "2021.05.31"]
[SourceQuality "1"]

1. Nf3 g6 2. g3 Bg7 3. Bg2 d6 4. 0-0 Nf6 5. c4 0-0 6. Nc3 a6 7. d4 Nc6 8. Ne1 Bg4 9. h3 Bd7 10. Nc2 e5 11. d5 Ne7 12. b4 Ne8 13. a4 f5 14. Qd2 f4 15. Ne4 h6 16. c5 Nf5 17. Bb2 fxg3 18. fxg3 Nf6 19. Kh2 Nxe4 20. Bxe4 Kh7 21. Rf3 Qe7 22. Qc3 a5 23. c6 bxc6 24. dxc6 Be6 25. b5 d5 26. Bxf5 gxf5 27. Ba3 Qg5 28. Bxf8 Rxf8 29. Qe3 Qf6 30. Raf1 d4 31. Qd2 h5 32. Ne1 e4 33. Rf4 Bh6 34. Qxa5 Bxf4 35. Rxf4 Rf7 36. Ng2 Rg7 37. Qe1 Bc4 38. Qf2 Rf7 39. Nh4 Be6 40. a5 Qe5 41. b6 cxb6 42. axb6 d3 43. exd3 e3 44. Qe2 Bd5 45. c7 Bb7 46. Ng2 Rg7 47. Qxe3 Qd5 48. Qf3 Qxf3 49. Rxf3 Rg8 50. Rxf5 1-0